00981nam a2200253 i 450000100060000000300090000600500170001500700030003200800410003508000120007624500760008826000480016430000290021249000240024159401110026565000480037670000390042471000330046371100380049683000320053485200220056699900170058895201220060534931ES-MaACL20250817062548.0t|030211s1979 sp |||| | spa d a58(063)00aBotánica : bconferencias / cSalvador Rivas-Martínez ... [et al.]. aMadrid : bFundación Juan March, c[1979] a61 p. : bil. ; c21 cm.1 aSerie universitaria aConferencias-coloquio celebradas en la Fundación Juan March dentro de las II Semana de Biología, 1979. 4aBotánica-vCongresos y asambleas.91617931 aRivas-Martínez, Salvador.9975812 aFundación Juan March943462 aSemana de Biología (n2ª)99821 aSerie universitaria91807474 aES-MaACLjA-10171 c34931d34931 00104070aATENEOMbATENEOMcDEPO1d2008-01-17eSCl0oA-10171p1036485r2023-02-23 00:00:00w2023-02-23yMONOGRAFIA